000 02440cam a2200289 4500500
005 20260412000739.0
041 _afre
042 _adc
100 1 0 _aAssi, Ohouot Jean Armand
_eauthor
245 0 0 _aLes comportements responsables et les positions éthiques dans la gestion des entreprises de la grande distribution en Côte d’Ivoire
260 _c2026.
500 _a37
520 _aLe présent article a pour objectif de mettre en lumière le management éthique des enseignes de distribution à Abidjan en Côte d’Ivoire. Des entretiens semi-directifs sont réalisés auprès de 35 managers d’enseignes pour analyser les pratiques responsables et éthiques. Les résultats révèlent que les comportements éthiques sont perçus comme des compétences stratégiques qui contribuent à la compétitivité des enseignes et à la valorisation du consommateur. Ce papier contribue à enrichir la compréhension du management responsable et éthique dans un contexte africain, en soulignant l’importance de contextualiser les pratiques éthiques. Il propose des pistes pour un management plus conscient qui intègre les enjeux sociaux et environnementaux locaux.
520 _aThe purpose of this article is to highlight ethical management in retail chains in Abidjan, Ivory Coast. Semi-structured interviews were conducted with thirty-five chain managers to analyze responsible and ethical practices. The results reveal that ethical behavior is perceived as a strategic skill that contributes to the competitiveness of retailers and consumer value. This paper contributes to a better understanding of responsible and ethical management in an African context by emphasizing the importance of contextualizing ethical practices. It proposes avenues for more conscious management that integrates local social and environmental issues.
690 _aavantage concurrentiel
690 _aCôte d’Ivoire
690 _agestion responsable
690 _aposition éthique
690 _asatisfaction clientèle
690 _acompetitive advantage;
690 _aCôte d’Ivoire
690 _acustomer satisfaction;
690 _aethical position;
690 _aresponsible management;
786 0 _nRevue de l’organisation responsable | 21 | 1 | 2026-03-16 | p. 147-160 | 1951-0187
856 4 1 _uhttps://shs.cairn.info/revue-revue-de-lorganisation-responsable-2026-1-page-147?lang=fr&redirect-ssocas=7080
999 _c2211021
_d2211021